000 00296nam a22001457a 4500
008 230529b ||||| |||| 00| 0 eng d
020 _a9782070336487
041 _aFRA
080 _a82
082 _a82GER
100 _a38
101 _aGJL
245 _aMAGNUS
_cGERMAIN.S
942 _2udc
_cBK
999 _c59862
_d59862